00642cam a22002171 4500001001300000003000400013005001700017008004100034010001700075035002000092040003900112041001300151042001200164050001900176100003200195245008400227260004000311300001900351700003900370999001500409af 48004301 DLC20260227110907.0901116s1947 gw 000 0 ger c aaf 48004301  a(OCoLC)22697287 aBrown Univ. LibrarycRPBdRPBdDLC1 agerheng apremarc00aPR6005.O4bT931 aConrad, Joseph,d1857-1924.10aTaifun.c[Einzig berechtigte Übersetzung aus dem Englischen von Elise Eckert] aStuttgart,bEngelhornverlagc[1947] a124 p.c20 cm.1 aEckert, Elise Ordolff,d1853-etr. c5983d5983